| 000 | 01200nam0a2200265 i 4500 | ||
|---|---|---|---|
| 001 | RU\NLR\bibl\227654 | ||
| 005 | 20260405133542.0 | ||
| 021 |
_aRU _b98-5272а _9211 |
||
| 035 | _a(NLR Aleph) 000223641 | ||
| 090 |
_a1300378 _c1300378 |
||
| 100 | _a20020211d1997 |||y0rusy50 ca | ||
| 101 | 0 | _arus | |
| 102 | _aRU | ||
| 105 | _ay dm ||||| | ||
| 200 | 1 |
_aРабочее движение в 1905 году: причины, формы, содержание _e/По материалам владимир., костром., ярославл. губерний/ _eАвтореф. дис. на соиск. учен. степ. к.ист.н. _eСпец. 07.00.02 _f[Костром. гос. пед. ун-т им. Н.А. Некрасова] |
|
| 210 |
_aКострома _d1997 |
||
| 215 |
_a22 с. _d21 |
||
| 320 | _aБиблиогр.: с.22 (8 назв.) и в подстроч. примеч. | ||
| 686 |
_a07.00.02 _2oksvnk |
||
| 700 | 1 |
_4070 _8rus _7ca _aНовиков _bА. В. _cканд. ист. наук _gАлексей Валентинович _3RU\NLR\auth\7754220 _937152 |
|
| 801 | 0 |
_aRU _bNLR _c20020211 _gPSBO |
|
| 801 | 1 |
_aRU _bNLR _c20020211 |
|
| 852 |
_aNLR _jА98/5272 |
||
| 942 | _cBOOK | ||